000 00339nam a22001217a 4500
020 _a9780849331602
082 _a664
_bBLE/FO
100 _aBlevins,Preston.W
_9415
245 _aFood Safety Regulatory Compliance: Catalyst for a Lean and Sustainable Food Supply Chain
260 _aNew York
_bCRC Press
_c2013
300 _a320
942 _cREF
999 _c14300
_d14300